Eastern Utah Libraries Catalog: Duchesne, Heber, Roosevelt, & Vernal

Logan likes Mary Anne! ; (Record no. 355196)

MARC details
000 -LEADER
fixed length control field 01756pam a2200409 i 4500
001 - CONTROL NUMBER
control field BK0026120248
005 - DATE AND TIME OF LATEST TRANSACTION
control field 20210419153023.0
008 - FIXED-LENGTH DATA ELEMENTS--GENERAL INFORMATION
fixed length control field 200818s2020 nyua j 6 000 0 eng d
010 ## - LIBRARY OF CONGRESS CONTROL NUMBER
LC control number bl2020019000
020 ## - INTERNATIONAL STANDARD BOOK NUMBER
International Standard Book Number 9781338304541 : PAP
Terms of availability 12.99
020 ## - INTERNATIONAL STANDARD BOOK NUMBER
International Standard Book Number 1338304542 : PAP
Terms of availability 12.99
Qualifying information pbk.
037 ## - SOURCE OF ACQUISITION
Source of stock number/acquisition Scholastic Paperbacks, Po Box 7502, Jefferson City, MO, USA, 65102
Note SAN 860-0023
040 ## - CATALOGING SOURCE
Original cataloging agency NjBwBT
Language of cataloging eng
Transcribing agency NjBwBT
Description conventions rda
Modifying agency NjBwBT
050 14 - LIBRARY OF CONGRESS CALL NUMBER
Classification number PZ7.7.G353
Item number Log 2020
082 04 - DEWEY DECIMAL CLASSIFICATION NUMBER
Classification number 741.5/973
Edition number 23
092 ## - LOCALLY ASSIGNED DEWEY CALL NUMBER (OCLC)
Classification number 741.5973
100 1# - MAIN ENTRY--PERSONAL NAME
Personal name Galligan, Gale,
Relator term author,
-- artist.
9 (RLIN) 6365245
245 10 - TITLE STATEMENT
Title Logan likes Mary Anne! ;
Remainder of title Logan Likes Mary Anne! :
Medium a graphic novel /
Statement of responsibility, etc by Gale Galligan ; with color by Braden Lamb.
250 ## - EDITION STATEMENT
Edition statement First edition.
264 #1 - Production, Publication, Distribution, Manufacture, and Copyright Notice.
Place of production, publication, distribution, manufacture New York, NY :
Name of producer, publisher, distributor, manufacturer Graphix, an imprint of Scholastic,
Date of production, publication, distribution, manufacture, or copyr 2020.
300 ## - PHYSICAL DESCRIPTION
Extent 164 pages :
Other physical details color illustrations ;
Dimensions 21 cm.
336 ## - Content Type
Content type term text
336 ## - Content Type
Content type term still image
337 ## - Media type
Media type term unmediated
338 ## - Carrier type
Carrier type term volume
490 1# - SERIES STATEMENT
Series statement The Baby-sitters Club ;
Volume number/sequential designation 8
500 ## - GENERAL NOTE
General note "Based on the novel by Ann M. Martin"--Cover.
500 ## - GENERAL NOTE
General note Chiefly illustrations.
520 ## - SUMMARY, ETC.
Summary, etc Attracted to shy Mary Anne, Logan asks to become a member of the Baby-Sitters Club and gets Mary Anne as his "checker" on his trial job, but Mary Anne is plagued by a series of embarassing episodes.
650 #1 - SUBJECT ADDED ENTRY--TOPICAL TERM
Topical term or geographic name as entry element Interpersonal relations
Form subdivision Fiction.
9 (RLIN) 5673978
650 #1 - SUBJECT ADDED ENTRY--TOPICAL TERM
Topical term or geographic name as entry element Babysitters
Form subdivision Fiction.
9 (RLIN) 5691717
650 #1 - SUBJECT ADDED ENTRY--TOPICAL TERM
Topical term or geographic name as entry element Graphic novels.
9 (RLIN) 6383502
655 #0 - INDEX TERM--GENRE/FORM
Genre/form data or focus term Graphic novels.
9 (RLIN) 6383501
700 1# - ADDED ENTRY--PERSONAL NAME
Personal name Martin, Ann M.,
Dates associated with a name 1955-
Title of a work Logan likes Mary Anne!
9 (RLIN) 6383503
800 1# - SERIES ADDED ENTRY--PERSONAL NAME
Personal name Martin, Ann M.,
Dates associated with a name 1955-
Title of a work Baby-sitters Club (Graphix (Firm)) ;
Volume/sequential designation 8.
9 (RLIN) 5709736
942 ## - ADDED ENTRY ELEMENTS (KOHA)
Source of classification or shelving scheme Dewey Decimal Classification
Koha item type BOOK
Holdings
Withdrawn status Lost status Source of classification or shelving scheme Damaged status Not for loan Collection code Home library Current library Shelving location Date acquired Source of acquisition Serial Enumeration / chronology Total Checkouts Total Renewals Full call number Barcode Date last seen Date checked out Cost, replacement price Price effective from Koha item type Checked out
    Dewey Decimal Classification     Junior Graphic Novels Wasatch County Library Wasatch County Library First Floor 11/09/2020 Micromarketing #8 40 31 J GN Martin 34301002075325 11/13/2024 08/28/2024 24.99 11/04/2020 BOOK  
  Long Overdue (Lost) Dewey Decimal Classification     Junior Graphic Novels Wasatch County Library Wasatch County Library First Floor 12/17/2020 Rainbow Books #8 18 15 J GN Martin 34301001665506 09/01/2022 09/01/2022 24.95 12/17/2020 BOOK 10/29/2022
    Dewey Decimal Classification     Junior Graphic Novels Wasatch County Library Wasatch County Library First Floor 04/03/2024 Amazon #8 Baby-Sitters Club - graphic 23 16 J GN Martin 34301002070896 02/12/2026 02/12/2026 24.99 04/03/2024 BOOK 04/10/2026
This project was made possible through a grant from the Institute of Museum and Library Service administered by the Utah State Library Division.

Wasatch County Library

  • 465 East 1200 South, Heber City, Utah 84032
  • Phone 435-654-1511 | Fax 435-654-6456

Hours

  • Monday - Friday 9:30 AM - 8:00 PM
  • Saturday 9:30 AM - 1:30 PM
  • Closed Sundays and Holidays